The 5 Secrets of a Phenomental Business (Record no. 10569)

MARC details
000 -LEADER
fixed length control field 00375nam a22001577a 4500
003 - CONTROL NUMBER IDENTIFIER
control field OSt
008 - FIXED-LENGTH DATA ELEMENTS--GENERAL INFORMATION
fixed length control field 210325b ||||| |||| 00| 0 eng d
020 ## - INTERNATIONAL STANDARD BOOK NUMBER
International Standard Book Number 9789383359639
100 ## - MAIN ENTRY--PERSONAL NAME
Personal name PARTRIDGE,Howard
245 ## - TITLE STATEMENT
Title The 5 Secrets of a Phenomental Business
250 ## - EDITION STATEMENT
Edition statement -
260 ## - PUBLICATION, DISTRIBUTION, ETC. (IMPRINT)
Place of publication, distribution, etc Mumbai
Name of publisher, distributor, etc Embassy Book
Date of publication, distribution, etc 2014
300 ## - PHYSICAL DESCRIPTION
Extent 261
650 ## - SUBJECT ADDED ENTRY--TOPICAL TERM
Topical term or geographic name as entry element General
942 ## - ADDED ENTRY ELEMENTS (KOHA)
Source of classification or shelving scheme Dewey Decimal Classification
Koha item type Text Books
942 ## - ADDED ENTRY ELEMENTS (KOHA)
-- 1
Holdings
Withdrawn status Lost status Source of classification or shelving scheme Damaged status Not for loan Collection code Home library Current library Date acquired Source of acquisition Currency Cost, normal purchase price Bill Number Total Checkouts Full call number Acc. no. / Barcode Date last seen Actual Cost, discounted price Bill Date Koha item type Public note Date last borrowed
    Dewey Decimal Classification     GENERAL PIET C-LIBRARY PIET C-LIBRARY 17/03/2021 Kirti Praskshan IN Rupees 250.00 IN1865   658 PAS 32654 25/03/2021 187.50 17/03/2021 Text Books Language  
    Dewey Decimal Classification     GENERAL PIET C-LIBRARY PIET C-LIBRARY 17/03/2021 Kirti Praskshan IN Rupees 250.00 IN1865 1 658 PAS 32655 08/11/2022 187.50 17/03/2021 Text Books Language 13/10/2022
    Dewey Decimal Classification     GENERAL PIET C-LIBRARY PIET C-LIBRARY 17/03/2021 Kirti Praskshan IN Rupees 250.00 IN1865 2 658 PAS 32656 02/09/2024 187.50 17/03/2021 Text Books Language 27/08/2024
    Dewey Decimal Classification     GENERAL PIET C-LIBRARY PIET C-LIBRARY 17/03/2021 Kirti Praskshan IN Rupees 250.00 IN1865   658 PAS 32657 25/03/2021 187.50 17/03/2021 Text Books Motivational  

Design & Developed by: PIET Central Library
R70 Miles Stone Pattikalyana Samalkha Panipat 132102
mail ID :- [email protected], Phone No:- 0180-2569700 Ex.216